Normal view
MARC view
- Islam - the payment of obedience-Islam and Christianity
Entry Topical Term
001 - CONTROL NUMBER
- control field: 5313
003 - CONTROL NUMBER IDENTIFIER
- control field: JO-AjAnu
005 - DATE AND TIME OF LATEST TRANSACTION
- control field: 20230606071149.0
008 - FIXED-LENGTH DATA ELEMENTS
- fixed length control field: 230606|| aca||aabn | a|a d
040 ## - CATALOGING SOURCE
- Original cataloging agency: JO-AjAnu
- Transcribing agency: JO-AjAnu
150 ## - HEADING--TOPICAL TERM
- Topical term or geographic name entry element: Islam - the payment of obedience-Islam and Christianity
670 ## - SOURCE DATA FOUND
- Source citation: Work cat.: (JO-AjAnu)2742: Al-Jawziah, Shamsuddeen ibn abi Bakr ibn Qayyim ; Translated: Abedelhay El-Masri, author 5312, Guidance to the Uncertain in Reply to the Jews and the Nazarenes= هداية الحيارى في أجوبة اليهود والنصارى